Ud. no lo diga!: dígalo así, escríbalo así

Uloženo v:
Podrobná bibliografie
Hlavní autor: Banderas Carrasco, Mario (Autor)
Médium: Kniha
Jazyk:španělština
Vydáno: Santiago Renacimiento 1984
Vydání:2a. ed
Témata:
Tagy: Přidat tag
Žádné tagy, Buďte první, kdo vytvoří štítek k tomuto záznamu!

MARC

LEADER 00000cam a2200000 a 4500
001 UCD0129
003 CL-VaPUC
008 151120e19840000cl |||||||||||||||||spa|d
082 0 4 |a 808.0461  |b BAN  |2 21 
100 0 |a Banderas Carrasco, Mario  |e author  |9 583138 
245 1 0 |a Ud. no lo diga!: dígalo así, escríbalo así 
250 |a 2a. ed 
300 |a v 
942 |c BK 
945 |d 20151120 13:39:00  |a dcastane 
260 |a Santiago  |b Renacimiento  |c 1984 
650 7 |a USO DEL LENGUAJE  |2 CL-VaPUC  |9 583139 
650 0 |a Gramática  |9 270497 
583 |a last modification  |c 20151120 13:39:00  |k Rodrigo Vera 
999 |c 361750  |d 361748 
952 |0 0  |1 0  |3 erb  |4 0  |6 808_046100000000000_BAN_1984  |7 0  |8 A  |9 472397  |a BIBEDU  |b BIBEDU  |h v.1  |i 5210593  |o 808.0461 BAN 1984  |p 5210593  |r 2019-11-24  |w 2019-11-24  |y BK  |z Catalogado en:20151120  |k EDU